02057agaaa2200325 45000010005000000030009000050050017000140070009000310080040000400400023000800410013001031000046001161300017001622400028001792450142002072460021003492500022003702600099003923000035004915080172005265110092006985200615007905380009014055460013014146500067014277000056014947000071015507000052016217000058016730721IT-RoPAU20220918181239.0d cvaizq50131s9999||||xx ||| | || ||und|| aIT-RoPAUcIT-RoPAU aITALIANO aWilder BillygCodice regista SPICS: 11213 aPRIMA PAGINA aFRONT PAGE (THE)gT2601 aPRIMA PAGINAcSceneggiatura: Wilder Billy Diamond J.A.L. -- Diretto da: Wilder BillypPRIMA PAGINA (Rif. Codice opera principale : V0721) aFRONT PAGE (THE) aEdizione Standard a(USA)bUNIVERSAL / Distribuzione: SPF FIRENZEg"1974 (1° ed.: 1993 ; Ed. Lingua Orig.: 1974)" a16MMbsonoro, col.c105 minuti a"Fotografia: Cronenweth Jordan S.; Montaggio: Winters Ralph; Musica: May Billy; Sceneggiatura: Wilder Billy Diamond J.A.L.; Soggetto: Hecht Ben -- Mac Harthur Charles" a"Lemmon Jack; Matthau Walter; Sarandon Susan; Gardenia Vincent; Wayne David; Burnett C" aCHICAGO ANNI TRENTA UN GIORNALISTA STA PER SPOSARSI E PER RITIRARSI DAL MESTIERE MA UN AVVENIMENTO DI GRANDE RICHIAMO RICHIEDEREBBE DI NUOVO IL SUO INTERVENTO PROFESSIONALE. E' SCAPPATO UN CONDANNATO A MORTE UN ANARCHICO A SUO MODO CANDIDO E IDEALISTA DEL CUI CASO IL PROTAGONISTA SI E' A SUO TEMPO INTERESSATO. IL TERRIBILE DIRETTORE DEL GIORNALE INVENTA TRUCCHI DI OGNI GENERE PER CONVINCERE IL GIORNALISTA A RIPRENDERE IL SUO POSTO. QUANDO FINALMENTE QUEST'ULTIMO SI FARA' PERSUADERE RENDERA' PUBBLICHE TUTTE LE MANOVRE ELETTORALI CHE STANNO ALLA BASE DELLA VICENDA. FILM A COLORI. PELLICOLA IN BUONO STATO. aMONO aITALIANO aCOMMEDIAePELLICOLE CINEMA [16 MM]xCodice MATERIA SPICS: 9955 aHecht Ben e(soggetto)gCodice Soggetto SPICS: 9138 aMac Harthur Charles e(soggetto)gCodice Soggetto 2° SPICS: 38741 aMay Billye(musica)gCodice Musica SPICS: 38742 aWilder Billy e(regista)gCodice regista SPICS: 11213